Statistiken für Länder Europas Quiz - Eine Minute Sprint

Klicken Sie hier um das Quiz zu spielen!

Allgemein

  • Dieses Quiz wurde 347 mal gespielt
  • Das Durchschnittsergebnis liegt bei 24 aus 45

Antworten auf der Karte

Die Antworten werden auf der Karte rot bzw. grün angezeigt, abhängig davon wie oft sie richtig erraten wurden.
 

Antwortstatistiken

Land% Korrekt
⭐️Deutschland
90%
⭐️Spanien
88%
⭐️Schweden
87%
⭐️Frankreich
86%
Island
84%
⭐️Irland
83%
Norwegen
82%
⭐️Finnland
80%
⭐️Italien
78%
⭐️Portugal
78%
Russland
75%
⭐️Polen
73%
⭐️Belgien
67%
Schweiz
64%
⭐️Estland
63%
⭐️Niederlande
60%
⭐️Dänemark
59%
⭐️Lettland
58%
Andorra
55%
⭐️Österreich
55%
⭐️Litauen
54%
Ukraine
54%
Weißrussland
52%
Monaco
51%
⭐️Malta
47%
Serbien
47%
⭐️Vereinigtes
Königreich
47%
⭐️Griechenland
43%
⭐️Slowenien
42%
⭐️Ungarn
42%
Vatikanstadt
42%
⭐️Kroatien
41%
⭐️Tschechien
41%
San Marino
40%
⭐️Slowakei
40%
⭐️Rumänien
38%
⭐️Luxemburg
35%
Moldawien
33%
Albanien
32%
Kosovo
32%
Bosnien und
Herzegowina
30%
⭐️Bulgarien
29%
Liechtenstein
28%
Montenegro
20%
Mazedonien
15%

Verteilung der Resultate

Perzentil nach korrekt beantworteten Fragen

Anzahl Personen mit jedem Resultat

Ihre Resultats-Entwicklung

Sie haben dieses Quiz noch nicht gespielt